000
00297nam a22001217a 4500
005
20180927141815.0
008
180927b xxu||||| |||| 00| 0 eng d
022
_a
2278-5736
245
_a
IOSR Journal of Applied Chemistry
250
_a
Volume 11
260
_a
Gaziabad
_b
IOSR Journal
942
_c
JRL
999
_c
5737
_d
5735